=LDR 00000nam 2200000 4500 =001 INLIS000000000029044 =005 20130612131316 =008 ***********************************Ind** =035 ##$$0010-061300000029044 =041 ##$$a Ind =082 ##$$a 4X0.095 982 3 =090 ##$$a 4X0.095 982 3, Kem k =245 ##$$a Kemampuan berbahasa Indonesia Murid SD kelas III sekolah menengah pertama Sumatra Barat : membaca tulis =260 ##$$a 1981 $b Jakarta =300 ##$$a 85 hlm, 21 cm =650 ##$$a Kemampuan berbahasa =650 ##$$a Indonesia =850 ##$$a NBPNMAT